Bí quyết để đạt đựơc ước mơ = The aladdin factor
Những bí quyết để đạt được ước mơ
Αποθηκεύτηκε σε:
| Κύριος συγγραφέας: | |
|---|---|
| Μορφή: | Βιβλίο |
| Γλώσσα: | Undetermined |
| Έκδοση: |
Thành phố Hồ Chí Minh
Tổng hợp Thành Phố Hồ Chí Minh
2011
|
| Θέματα: | |
| Ετικέτες: |
Προσθήκη ετικέτας
Δεν υπάρχουν, Καταχωρήστε ετικέτα πρώτοι!
|
| Thư viện lưu trữ: | Trung tâm Học liệu Trường Đại học Cần Thơ |
|---|
| LEADER | 00792nam a2200217Ia 4500 | ||
|---|---|---|---|
| 001 | CTU_180838 | ||
| 008 | 210402s9999 xx 000 0 und d | ||
| 020 | |c 54000 | ||
| 082 | |a 158.1 | ||
| 082 | |b C216 | ||
| 100 | |a Canfield, Jack | ||
| 245 | 0 | |a Bí quyết để đạt đựơc ước mơ = | |
| 245 | 4 | |b The aladdin factor | |
| 245 | 0 | |c Jack Canfield, Mark Victor Hansen ; Kim Vân, Nhã Viện, An Bình (biên dịch) | |
| 260 | |a Thành phố Hồ Chí Minh | ||
| 260 | |b Tổng hợp Thành Phố Hồ Chí Minh | ||
| 260 | |c 2011 | ||
| 520 | |a Những bí quyết để đạt được ước mơ | ||
| 650 | |a Life skills,Kỹ năng sống | ||
| 904 | |i Nga - Cam | ||
| 980 | |a Trung tâm Học liệu Trường Đại học Cần Thơ | ||